000 00399nam a22001457a 4500
999 _c7719
_d7717
005 20210322114350.0
008 210322b ||||| |||| 00| 0 eng d
082 _a346.066
100 _aAIYAR, A.N.
_96466
245 _aCOMPANY CASES THE CORPORATE LAW WEEKLY [VOL-203]
260 _aCHENNAI
_bCOMPANY LAW INSTITUTE OF INDIA
_c2017
300 _a744,p i-xxviii,p
650 _aLAW
_95701
942 _cJRL